Principaux Minéraux - Statistiques

Statistiques générales
  • Ce quiz a été pris 27 fois
  • Le résultat moyen est 4 sur 15
Statistiques - réponses
Hint Réponse % Correct
Couleur jaune/or, trait noir, éclat métallique et de forme cubique Pyrite
67%
Réaction forte au HCL, éclat vitreux/mat, clivage à 3 plans et éclat non métallique Calcite
62%
Couleur noir, clivage à 1 plan, forme de feuillet et éclat non métallique Biotite
52%
Goût salé, clivage à 3 plans, grande dureté, éclat vitreux, sous forme de feuillets et éclat non métallique Halite
48%
Fortement magnétique et éclat métallique Magnétite
48%
Sans couleur, sous forme de feuillets, clivage à 1 plan et éclat non métallique Muscovite
48%
Couleur grise, éclat métallique et trait brun/rouge Hématite
38%
Très forte densité, éclat métallique et sent le souffre au contact avec le HCL Galène
29%
Très dure, bien cristallisé, éclat vitreux et éclat non métallique Gypse
14%
Très dure, éclat non métallique et son éclat est gras Talc
5%
Éclat cireux, éclat non métallique et couleur vert Antigorite
0%
Réaction au HCL, éclat vitreux/résineux, bonne dureté, cristaux prismatique et éclat non métallique Apatite
0%
Couleur jaune, trait noir/vert et éclat métallique Chalcoprite
0%
Couleur brun-doré, clivage à 1 plan, éclat vitreux et éclat non métallique Phlogopite
0%
Éclat soyeux, éclat non métallique, couleur vert ou blanc, aspect vitreux et éclat non métallique Serpentite Fibreuse
0%
Aucun quiz correspondant
Distribution des résultats
% des personnes avec chaque résultat
Percentile par nombre de réponses
Votre historique - résultats
Vous n’avez pas pris ce quiz